Chebyshev polynomials in numerical analysis /

Guardado en:
Autor Principal: Fox, L.
Otros Autores: Parker, I. B.
Formato: Libro
Idioma:English
Publicado: London : Oxford U.P., 1968.
Series:Oxford mathematical handbooks
Materias:
Etiquetas: Agregar Etiqueta
Sin Etiquetas, Sea el primero en etiquetar este registro!
LEADER 00803cam a22002415a 4500
001 EIQ.libpla003562
008 710614s1968####enka#####b####000#0#eng#d
005 20080213174107.0
245 1 0 |a Chebyshev polynomials in numerical analysis /  |c [by] L. Fox and I. B. Parker. 
260 |a London :  |b Oxford U.P.,  |c 1968. 
300 |a ix, 205 p. :  |b il. ;  |c 22 cm. 
440 0 |a Oxford mathematical handbooks 
504 |a Bibliografía: p. [198]-199. 
500 |a Incluye índice. 
020 |a 0198596146 
100 1 |a Fox, L.  |q (Leslie) 
700 1 |a Parker, I. B.  |q (Ian Bax). 
082 0 0 |a 517/.6 
650 4 |a Matemática  |x Análisis numérico. 
650 4 |a Mathematical  |x Numerical analysis. 
010 |a  68105838  
040 |a DLC  |c DLC  |d ICU  |d DLC  |d AR-BbSID 
859 |a AR-BbSID  |b BIB. PLAPIQUI  |h 515.35  |i F 83  |p 216